=LDR 00000nam 2200000 4500 =001 INLIS000000000017251 =005 20210113014350 =035 ##$$a 0010-061300000017251 =008 210113################g##########0#ind## =041 ##$$a ind =082 ##$$a 333.91 =090 ##$$a 333.91, Suw-h =100 ##$$a Suwarno =245 1#$$a Hidrologi : $b Aplikasi metode statistik untuk analisa data Jilid 2 /$c Soewarno =260 ##$$a Bandung :$b Nova,$c 1995 =300 ##$$a 269 hlm. : $b Ilus ; $c 24 x 15 cm. =650 #4$$a Hidrologi =850 ##$$a NBPNMAT =084 ##$$a 333.91 SUW h =504 ##$$a Bibliografi ; hlm.265-269 =990 ##$$a 20601436 =990 ##$$a 20601437 =990 ##$$a 20601438 =990 ##$$a 20601439 =990 ##$$a 10406913 =990 ##$$a 10406914 =990 ##$$a 10406915 =990 ##$$a 10406919 =990 ##$$a 20601412 =990 ##$$a 20601413 =990 ##$$a 20601414 =990 ##$$a 20601415 =990 ##$$a 20601415 =990 ##$$a 20601436 =990 ##$$a 20601437 =990 ##$$a 20601438 =990 ##$$a 20601439 =990 ##$$a 10406913 =990 ##$$a 10406914 =990 ##$$a 10406915 =990 ##$$a 10406919 =990 ##$$a 20601412 =990 ##$$a 20601413 =990 ##$$a 20601414 =990 ##$$a 20601413 =990 ##$$a 20601436 =990 ##$$a 20601437 =990 ##$$a 20601438 =990 ##$$a 20601439 =990 ##$$a 10406913 =990 ##$$a 10406914 =990 ##$$a 10406915 =990 ##$$a 10406919 =990 ##$$a 20601412 =990 ##$$a 20601414 =990 ##$$a 20601415 =990 ##$$a 20601412 =990 ##$$a 20601436 =990 ##$$a 20601437 =990 ##$$a 20601438 =990 ##$$a 20601439 =990 ##$$a 10406913 =990 ##$$a 10406914 =990 ##$$a 10406915 =990 ##$$a 10406919 =990 ##$$a 20601413 =990 ##$$a 20601414 =990 ##$$a 20601415 =990 ##$$a 20601412 =990 ##$$a 20601436 =990 ##$$a 20601437 =990 ##$$a 20601438 =990 ##$$a 20601439 =990 ##$$a 10406913 =990 ##$$a 10406914 =990 ##$$a 10406915 =990 ##$$a 10406919 =990 ##$$a 20601413 =990 ##$$a 20601414 =990 ##$$a 20601415 =990 ##$$a 20601413 =990 ##$$a 20601436 =990 ##$$a 20601437 =990 ##$$a 20601438 =990 ##$$a 20601439 =990 ##$$a 10406913 =990 ##$$a 10406914 =990 ##$$a 10406915 =990 ##$$a 10406919 =990 ##$$a 20601412 =990 ##$$a 20601414 =990 ##$$a 20601415